[Event "AUTO-INT-1939"]
[Site "http://www.queenalice.com/game.php?id=968951"]
[Date "2011.8.5"]
[Round "2"]
[White "FreitasPC"]
[Black "gramory"]
[Result "1-0"]
[WhiteElo "1921"]
[BlackElo "1823"]

1. d4 d5 2. c4 dxc4 3. e4 b5 4. Nc3 Ba6 5. a4 b4 6. Nd5 b3 7. Nb4 Qd6 8. Nxa6
Qxa6 9. Nf3 e6 10. Qe2 Bb4+ 11. Bd2 Bxd2+ 12. Nxd2 Nf6 13. Qxc4 Qxc4 14. Bxc4
Nc6 15. Bb5 Kd7 16. Bxc6+ Kxc6 17. Nxb3 Nxe4 18. f3 Nd6 19. Rc1+ Kd7 20. Nc5+
Ke7 21. b4 Nf5 22. O-O Nxd4 23. Rfe1 Rhd8 24. Kf1 c6 25. Rc4 Rd6 26. Rd1 Nf5 27.
Rxd6 Kxd6 28. Ke2 Rb8 29. Kd3 Kd5 30. g4 Ne7 31. Rd4+ 1-0

[Event "Challenge"]
[Site "http://www.queenalice.com/game.php?id=974901"]
[Date "2011.8.20"]
[Round "-"]
[White "gramory"]
[Black "wvulcanis"]
[Result "1-0"]
[WhiteElo "1799"]
[BlackElo "1768"]

1. d4 Nf6 2. Nc3 g6 3. e4 d6 4. Nf3 Bg7 5. Be2 O-O 6. O-O b6 7. h3 c5 8. d5 a6
9. a3 Bb7 10. Qd3 b5 11. Rb1 c4 12. Qe3 Nbd7 13. b3 cxb3 14. cxb3 Re8 15. b4 e6
16. Qd3 exd5 17. exd5 Ne5 18. Nxe5 dxe5 19. Bg5 Bxd5 20. Bxf6 Bxf6 21. Qxd5 Qxd5
22. Nxd5 Kg7 23. Nc7 1-0

[Event "AUTO-ADV-2367"]
[Site "http://www.queenalice.com/game.php?id=1017959"]
[Date "2012.1.29"]
[Round "1"]
[White "justeldiablo"]
[Black "gramory"]
[Result "0-1"]
[WhiteElo "1822"]
[BlackElo "1896"]

1. d4 e6 2. e4 d5 3. e5 f6 4. f4 Nc6 5. Bb5 Bd7 6. Qh5+ g6 7. Qh4 Nxd4 8. Bxd7+
Kxd7 9. Qf2 Be7 10. Qxd4 a6 11. Nc3 c6 12. Nf3 f5 13. O-O b6 14. Kh1 Bc5 15. Qd1
h6 16. Na4 Be7 17. c4 Ke8 18. cxd5 cxd5 19. Nd4 Kf7 20. Qb3 b5 21. Nc3 Rc8 22.
Nce2 Bc5 23. Be3 h5 24. Nf3 h4 25. Ng5+ Ke7 26. Bxc5+ Rxc5 27. Nd4 Qb8 0-1

[Event "AUTO-ADV-2367"]
[Site "http://www.queenalice.com/game.php?id=1017960"]
[Date "2012.1.29"]
[Round "1"]
[White "gramory"]
[Black "justeldiablo"]
[Result "1-0"]
[WhiteElo "1867"]
[BlackElo "1837"]

1. e4 c5 2. Nf3 Nc6 3. Bc4 d6 4. Ng5 e6 5. d3 a6 6. O-O b5 7. Bb3 Nd4 8. c3 Nxb3
9. axb3 h6 10. Nf3 Nf6 11. h3 e5 12. Nbd2 Be6 13. c4 bxc4 14. Nxc4 Qc8 15. Nb6
Qb7 16. Nxa8 Qxa8 17. Bd2 g5 18. b4 g4 19. hxg4 Bxg4 20. Qa4+ Bd7 21. Qxa6 Qxa6
22. Rxa6 Ke7 23. bxc5 dxc5 24. Nxe5 Bg7 25. f4 Rb8 26. Bc3 Be6 27. Nc6+ 1-0

[Event "AUTO-ADV-2367"]
[Site "http://www.queenalice.com/game.php?id=1017987"]
[Date "2012.1.29"]
[Round "1"]
[White "gramory"]
[Black "thw"]
[Result "1/2-1/2"]
[WhiteElo "1882"]
[BlackElo "1881"]

1. e4 e6 2. d4 d5 3. Bd3 Nf6 4. Bg5 Be7 5. Nd2 O-O 6. e5 Nfd7 7. Bxe7 Qxe7 8.
Ngf3 c5 9. dxc5 Nxc5 10. O-O Nc6 11. a3 Nxd3 12. cxd3 Bd7 13. d4 Rac8 14. Nb3 f6
15. Nc5 b6 16. Nd3 fxe5 17. Nfxe5 Rf5 18. Nxc6 Bxc6 19. Rc1 Bb7 20. g3 Rff8 21.
f4 Rxc1 22. Qxc1 Rc8 23. Qd1 Ba6 24. Rf3 Bxd3 25. Qxd3 Qc7 26. Qc3 1/2-1/2

[Event "AUTO-ADV-2367"]
[Site "http://www.queenalice.com/game.php?id=1017988"]
[Date "2012.1.29"]
[Round "1"]
[White "thw"]
[Black "gramory"]
[Result "0-1"]
[WhiteElo "1966"]
[BlackElo "1836"]

1. e4 e5 2. Nf3 Nc6 3. Bb5 Nf6 4. Nc3 a6 5. Bxc6 dxc6 6. d3 Bd6 7. Bg5 h6 8. Be3
O-O 9. Qd2 b5 10. O-O Ng4 11. h3 Nxe3 12. Qxe3 f5 13. exf5 Bxf5 14. Rae1 Re8 15.
Nd4 exd4 16. Qxe8+ Qxe8 0-1

[Event "AUTO-OPEN-2567"]
[Site "http://www.queenalice.com/game.php?id=1018045"]
[Date "2012.1.29"]
[Round "1"]
[White "Artking"]
[Black "gramory"]
[Result "1-0"]
[WhiteElo "1999"]
[BlackElo "1822"]

1. d4 d5 2. c4 dxc4 3. Nc3 e6 4. e4 Ne7 5. Bxc4 g6 6. f4 f5 7. e5 c6 8. Nf3 Nd5
9. O-O Bg7 10. Bd2 O-O 11. a3 b5 12. Ba2 Ba6 13. Nxd5 cxd5 14. Ng5 Re8 15. Qf3
h6 16. Nxe6 1-0

[Event "AUTO-OPEN-2567"]
[Site "http://www.queenalice.com/game.php?id=1018046"]
[Date "2012.1.29"]
[Round "1"]
[White "gramory"]
[Black "Artking"]
[Result "1-0"]
[WhiteElo "1813"]
[BlackElo "1998"]

1. e4 c5 2. Bc4 Nc6 3. Qh5 e6 4. c3 Nf6 5. Qe2 Qc7 6. d3 Be7 7. Nf3 O-O 8. h3 d6
9. O-O a6 10. a4 Rb8 11. Be3 b6 12. Nbd2 Re8 13. d4 cxd4 14. Nxd4 Ne5 15. Bxa6
Bxa6 16. Qxa6 d5 17. f4 Ng6 18. f5 exf5 19. exf5 Nh4 20. Rf4 Nh5 21. Rg4 Bf6 22.
Nf1 Qe5 23. Re1 Nxf5 24. Nc6 Nxe3 25. Nxe5 Nxg4 26. hxg4 Bxe5 27. gxh5 Bd4+ 28.
cxd4 Rxe1 29. Qa7 1-0

[Event "AUTO-OPEN-2567"]
[Site "http://www.queenalice.com/game.php?id=1018077"]
[Date "2012.1.29"]
[Round "1"]
[White "gramory"]
[Black "sergio_damian"]
[Result "1-0"]
[WhiteElo "1882"]
[BlackElo "1832"]

1. d4 d5 2. Nc3 e6 3. a3 Nc6 4. Nf3 Nf6 5. Bg5 Be7 6. e3 h6 7. Bf4 Bd6 8. Bxd6
Qxd6 9. Nb5 Qd8 10. Nc3 O-O 11. Bd3 b6 12. O-O Bb7 13. b4 a6 14. h3 b5 15. Ne5
Qd6 16. f4 Nd7 17. Rb1 Nf6 18. Rb3 Qe7 19. Qe1 Nd7 20. Nxd7 Qxd7 21. Qf2 Qd8 22.
e4 dxe4 23. Bxe4 Rb8 24. Rd1 Ne7 25. Bxb7 Rxb7 26. Ne4 Rb8 27. g4 Qd5 28. Qe2
Ng6 29. Rf3 Nh4 30. Rg3 Ng6 31. Qe3 Qc6 32. f5 exf5 33. gxf5 Ne7 34. f6 Nf5 35.
Rxg7+ Nxg7 36. Qxh6 1-0

[Event "AUTO-OPEN-2567"]
[Site "http://www.queenalice.com/game.php?id=1018078"]
[Date "2012.1.29"]
[Round "1"]
[White "sergio_damian"]
[Black "gramory"]
[Result "1-0"]
[WhiteElo "1801"]
[BlackElo "1886"]

1. e4 e5 2. Nf3 Nc6 3. Nc3 Nf6 4. Bc4 h6 5. Nd5 Nxe4 6. d3 Ng5 7. h4 Nxf3+ 8.
Qxf3 d6 9. Nb6 Be6 10. Bxe6 fxe6 11. Nxa8 Qxa8 12. Qh5+ Kd7 13. f4 Nd4 14. Kd1
Nf5 15. Qg4 b6 16. fxe5 dxe5 17. Bd2 Be7 18. c3 Rf8 19. Kc2 Qc6 20. b3 Rf7 21.
Rae1 Bd6 22. Rhf1 Kc8 23. Qh3 Kb7 24. g4 Nd4+ 25. Kb2 Nf3 26. Rd1 e4 27. dxe4
Qxe4 28. Qg2 Rf8 29. Rf2 Qd5 30. h5 Kc8 31. Qh1 Bc5 32. Be3 Qe4 33. Bxc5 bxc5
34. Rdf1 Rd8 35. Qxf3 1-0

[Event "Challenge"]
[Site "http://www.queenalice.com/game.php?id=1066796"]
[Date "2012.6.1"]
[Round "-"]
[White "TMG"]
[Black "gramory"]
[Result "1-0"]
[WhiteElo "2318"]
[BlackElo "1909"]

1. e4 e5 2. Nf3 Nc6 3. Bc4 h6 4. d4 exd4 5. Nxd4 Ne5 6. Bb3 Nf6 7. Nc3 Bb4 8.
O-O Bxc3 9. bxc3 d6 10. f4 Nc6 11. Nxc6 bxc6 12. e5 dxe5 13. Qxd8+ Kxd8 14. fxe5
Ne4 15. Rxf7 Nxc3 16. Bb2 Nd5 17. Rd1 Be6 18. Rxg7 Rb8 19. c4 1-0